000 00430nam a2200181Ia 4500
001 10425
005 20260306161831.0
008 260306t1994||||xx |||||||||||||| ||spa||
041 _aESP
082 _a928
_bH13
100 _aHadas-Lebel, Mireille
_eAUT
245 0 _aFlavio Josefo:
_bel judío de Roma
260 _c1994
300 _a251 páginas :
_c22 cm.
650 _aGEN
654 _aCHU
942 _cLIB
_dJUS
_fJUS
_2ddc
_n
999 _c10425
_d10425